Física

Guardado en:
書目詳細資料
主要作者: Serway, Raymond A.
格式: 圖書
語言:Spanish
出版: México : Nueva Editorial Interamericana 1987
主題:
標簽: 添加標簽
沒有標簽, 成為第一個標記此記錄!

MARC

LEADER 00000nam a2200000Ia 4500
003 000222
005 20221231144020.0
008 140114s1987 mx a 000 ||spa d
020 |a 9682501709 
040 |c cru CEDI 
082 |a 530 S492f 
100 |a Serway, Raymond A.  |9 19818 
245 |a Física  
260 |a México : Nueva Editorial Interamericana  |c 1987 
300 |a Volumen I ; ilustraciones  
500 |a Traducción de: Physics : for scientists and engineers 
650 |x FISICA  |9 19819 
942 |2 ddc  |c BK 
999 |c 15653  |d 15653